[Event "GER-chT U10"]
[Site "Magdeburg"]
[Date "2013.12.27"]
[Round "1.1"]
[White "Kronhardt, David"]
[Black "Heckmann, Till"]
[Result "0-1"]
[WhiteElo "944"]
[BlackElo "1463"]
[PlyCount "114"]
[EventDate "2013.12.27"]
[EventType "team-swiss"]
[EventRounds "5"]
[EventCountry "GER"]
[SourceTitle "EXT 2015"]
[Source "ChessBase"]
[SourceDate "2014.11.20"]
[SourceVersion "1"]
[SourceVersionDate "2014.11.20"]
[SourceQuality "1"]
[WhiteTeam "Langen"]
[BlackTeam "Berlin Empor"]
[WhiteTeamCountry "GER"]
[BlackTeamCountry "GER"]

1. d4 Nf6 2. Nc3 d6 3. e4 g6 4. Bg5 Bg7 5. Bxf6 Bxf6 6. Nf3 0-0 7. h3 e5 8. Bc4 Nc6 9. d5 Ne7 10. h4 Bg4 11. Be2 a6 12. Nd2 Bxe2 13. Qxe2 Qd7 14. h5 c6 15. hxg6 fxg6 16. Qd3 Bg5 17. Nc4 Qc7 18. dxc6 Qxc6 19. Nxd6 Rad8 20. Qc4+ Qxc4 21. Nxc4 Nc6 22. Rd1 Rxd1+ 23. Nxd1 b5 24. Na3 Nb4 25. Nc3 Bc1 26. Nd5 Nxd5 27. exd5 Bxb2 28. Nb1 Rd8 29. 0-0 Rxd5 30. Re1 b4 31. Kh2 Bc3 32. Re3 Bd4 33. Rb3 a5 34. c3 bxc3 35. Nxc3 Bxc3 36. Rxc3 Rd2 37. Ra3 Rxf2 38. Rxa5 e4 39. Re5 Rxa2 40. Rxe4 Kg7 41. Rg4 Kf6 42. Kh3 g5 43. Rb4 Ra6 44. g4 Kg6 45. Kg3 h5 46. gxh5+ Kxh5 47. Rb5 Ra3+ 48. Kg2 Kh4 49. Rb2 g4 50. Rb8 Ra2+ 51. Kf1 Kh3 52. Re8 Ra1+ 53. Kf2 Ra2+ 54. Kf1 Ra3 55. Re1 g3 56. Kg1 Ra2 57. Re3 Ra1+ 0-1

[Event "Hessen-ch U10"]
[Site "Bad Homburg"]
[Date "2013.??.??"]
[Round "7"]
[White "Bethke, Robert"]
[Black "Kronhardt, David"]
[Result "1/2-1/2"]
[WhiteElo "1058"]
[BlackElo "876"]
[PlyCount "84"]
[EventDate "2013.03.??"]
[EventType "swiss"]
[EventRounds "9"]
[EventCountry "GER"]
[SourceTitle "EXT 2014"]
[Source "ChessBase"]
[SourceDate "2013.11.20"]
[SourceVersion "1"]
[SourceVersionDate "2013.11.20"]
[SourceQuality "1"]

1. d4 d5 2. Nf3 Nf6 3. Bf4 Bf5 4. e3 e6 5. a3 Bd6 6. Be5 0-0 7. Bxd6 Qxd6 8. Nc3 Nc6 9. h3 Qd7 10. Bd3 Bxd3 11. Qxd3 a6 12. Qd1 Qd6 13. 0-0 Kh8 14. Re1 Kg8 15. Rb1 Kh8 16. Nh2 Kg8 17. Ng4 Nxg4 18. Qxg4 Ne7 19. e4 c6 20. e5 Qc7 21. Ne2 g6 22. Ng3 Rab8 23. c3 Ra8 24. Nh5 Kh8 25. Nf6 Ng8 26. Qh4 Nxf6 27. exf6 h5 28. Qg5 Kh7 29. Qe5 Qxe5 30. dxe5 b5 31. Kh2 Kh6 32. f4 Rfc8 33. g4 Rf8 34. Kg3 Rfc8 35. Rh1 Rg8 36. Kf3 Rgc8 37. Rbg1 Rf8 38. gxh5 gxh5 39. Rg7 Ra7 40. Rhg1 Rd7 41. Ke3 c5 42. R1g2 c4 1/2-1/2

[Event "Hessen-ch U10"]
[Site "Bad Homburg"]
[Date "2013.??.??"]
[Round "5"]
[White "Kirchner, Markus"]
[Black "Kronhardt, David"]
[Result "0-1"]
[WhiteElo "998"]
[BlackElo "876"]
[PlyCount "87"]
[EventDate "2013.03.??"]
[EventType "swiss"]
[EventRounds "9"]
[EventCountry "GER"]
[SourceTitle "EXT 2014"]
[Source "ChessBase"]
[SourceDate "2013.11.20"]
[SourceVersion "1"]
[SourceVersionDate "2013.11.20"]
[SourceQuality "1"]

1. e4 e5 2. Nf3 Nc6 3. Bc4 Nf6 4. d3 Bc5 5. Bg5 h6 6. Bh4 d6 7. h3 0-0 8. Nc3 g5 9. Bg3 Nh7 10. 0-0 g4 11. hxg4 Bxg4 12. Nb5 a6 13. Nc3 Nd4 14. Bh2 Nxf3+ 15. gxf3 Bh3 16. Re1 Qg5+ 17. Bg3 h5 18. Kh1 Bxf2 19. Rg1 Bxg1 20. Qxg1 Kh8 21. Bf2 Qxg1+ 22. Rxg1 Rg8 23. Bxf7 Rxg1+ 24. Kxg1 Nf6 25. Bh4 Kg7 26. Bxf6+ Kxf6 27. Bxh5 Rg8+ 28. Bg4 Bxg4 29. fxg4 Rxg4+ 30. Kf2 Rh4 31. Kg2 Ke6 32. Ne2 d5 33. Kf3 dxe4+ 34. dxe4 Rh1 35. Ke3 Ra1 36. Nc3 Rc1 37. Kd3 Rh1 38. Nd5 c6 39. Nc3 Rh3+ 40. Kd2 Rh2+ 41. Ne2 Kd6 42. Kd3 b5 43. c3 Rh3+ 44. Kc2 0-1

[Event "Hessen-ch U10"]
[Site "Bad Homburg"]
[Date "2013.??.??"]
[Round "6"]
[White "Kronhardt, David"]
[Black "Gelfenbaum, Daniel"]
[Result "0-1"]
[WhiteElo "876"]
[BlackElo "973"]
[PlyCount "56"]
[EventDate "2013.03.??"]
[EventType "swiss"]
[EventRounds "9"]
[EventCountry "GER"]
[SourceTitle "EXT 2014"]
[Source "ChessBase"]
[SourceDate "2013.11.20"]
[SourceVersion "1"]
[SourceVersionDate "2013.11.20"]
[SourceQuality "1"]

1. d4 d5 2. Nc3 Nf6 3. e4 dxe4 4. f3 Bf5 5. g4 Bg6 6. g5 Nd5 7. fxe4 Nxc3 8. bxc3 Bxe4 9. Nf3 Nc6 10. Bg2 e5 11. Nh4 Bxg2 12. Nxg2 exd4 13. Qe2+ Qe7 14. Qxe7+ Bxe7 15. cxd4 Nxd4 16. Ne3 0-0 17. Bb2 Rad8 18. Bxd4 Rxd4 19. Nf5 Bb4+ 20. Ke2 Re8+ 21. Kf3 Rc4 22. Rab1 Ree4 23. Ng3 Rf4+ 24. Ke3 Bc5+ 25. Kd3 h6 26. Rhe1 Rfd4+ 27. Ke2 Rxc2+ 28. Kf1 Rf4# 0-1

[Event "GER-chT U10"]
[Site "Magdeburg"]
[Date "2012.12.28"]
[Round "4.2"]
[White "Haufe, Laurin"]
[Black "Kronhardt, David"]
[Result "0-1"]
[WhiteElo "1102"]
[BlackElo "681"]
[PlyCount "64"]
[EventDate "2012.12.27"]
[EventType "team-swiss"]
[EventRounds "7"]
[EventCountry "GER"]
[SourceTitle "EXT 2014"]
[Source "ChessBase"]
[SourceDate "2013.11.20"]
[SourceVersion "1"]
[SourceVersionDate "2013.11.20"]
[SourceQuality "1"]
[WhiteTeam "Leipzig BSG II"]
[BlackTeam "Langen"]
[WhiteTeamCountry "GER"]
[BlackTeamCountry "GER"]

1. e4 e5 2. Nf3 Nc6 3. Bc4 Nf6 4. Nc3 Bc5 5. d3 d6 6. Bg5 h6 7. Bh4 g5 8. Bg3 Bg4 9. h4 Nh5 10. hxg5 Nxg3 11. fxg3 h5 12. Qe2 Nd4 13. Qd1 Bxf3 14. gxf3 Qxg5 15. Nd5 Qxg3+ 16. Kd2 0-0-0 17. c3 Qf2+ 18. Kc1 c6 19. cxd4 Bxd4 20. Nc3 Rhg8 21. Qe2 Qg3 22. Bxf7 Qf4+ 23. Kc2 Qxf7 24. Qf1 Rg7 25. Qh3+ Kb8 26. Rh2 Rdg8 27. Re2 Rg3 28. Qh4 Rxf3 29. Rg2 Rxg2+ 30. Kc1 Rf1+ 31. Nd1 Be3+ 32. Kb1 Rxd1# 0-1